Online
Catalog

VI Feria Internacional del Libro Santo Domingo, 2003 : (Record no. 25647)

MARC details
000 -CABECERA
campo de control de longitud fija 01279nam a2200301 a 4500
001 - NÚMERO DE CONTROL
campo de control 000026155
003 - IDENTIFICADOR DEL NÚMERO DE CONTROL
campo de control DO-SdBNP
005 - FECHA Y HORA DE LA ÚLTIMA TRANSACCIÓN
campo de control 20240308073618.0
007 - CAMPO FIJO DE DESCRIPCIÓN FÍSICA--INFORMACIÓN GENERAL
campo de control de longitud fija ta
008 - DATOS DE LONGITUD FIJA--INFORMACIÓN GENERAL
campo de control de longitud fija 110303s2003 dr r 000 0 spa d
040 ## - FUENTE DE LA CATALOGACIÓN
Centro catalogador/agencia de origen DO-SdBNP
Lengua de catalogación spa
Centro/agencia transcriptor BNPHU
082 #4 - NÚMERO DE LA CLASIFICACIÓN DECIMAL DEWEY
Número de clasificación 021.7
Número de documento/Ítem F356s, 2003
Número de edición 22
111 2# - ENTRADA PRINCIPAL--NOMBRE DE CONGRESO/REUNIÓN
Nombre de congreso/reunión o jurisdicción como elemento de entrada Feria Internacional del Libro
Número del congreso/reunión o número de parte o sección (6ª :
Fecha del congreso/reunión 2003 : 24 abril al 4 mayo :
Sede del congreso/Lugar de la reunión Santo Domingo)
9 (RLIN) 53138
245 10 - MENCIÓN DE TÍTULO
Título VI Feria Internacional del Libro Santo Domingo, 2003 :
Resto del título programa /
Mención de responsabilidad, etc. director general Carlos Esteban Deive.
246 13 - FORMA VARIANTE DE TÍTULO
Título propio/Titulo breve Sexta Feria Internacional del Libro Santo Domingo
260 ## - PUBLICACIÓN, DISTRIBUCIÓN, ETC.
Lugar de publicación, distribución, etc. Santo Domingo :
Nombre del editor, distribuidor, etc. Secretaría de Estado de Cultura,
Fecha de publicación, distribución, etc. 2003.
300 ## - DESCRIPCIÓN FÍSICA
Extensión 66 p. ;
Dimensiones 23 cm.
500 ## - NOTA GENERAL
Nota general En homenaje a Eugenio María De Hostos y país invitado Cuba.
500 ## - NOTA GENERAL
Nota general En la cubierta : XXX Feria Nacional del Libro
500 ## - NOTA GENERAL
Nota general Leer abre puerta
590 ## - NOTA LOCAL (RLIN)
Nota local Inventariado, 2019/VM
611 24 - PUNTO DE ACCESO ADICIONAL DE MATERIA--NOMBRE DE REUNIÓN/CONGRESO
Nombre de congreso/reunión o jurisdicción como elemento de entrada Feria internacional del libro
Número del congreso/reunión o número de parte o sección (8ª :
Fecha del congreso/reunión 2005 :
Sede del congreso/Lugar de la reunión Santo Domingo, República Dominicana)
Subdivisión general Programas
9 (RLIN) 53139
650 #4 - PUNTO DE ACCESO ADICIONAL DE MATERIA--TÉRMINO DE MATERIA
Término de materia o nombre geográfico como elemento de entrada Feria del libro
Subdivisión geográfica República Dominicana
Subdivisión general Programas
Subdivisión cronológica 2003
9 (RLIN) 53140
650 #4 - PUNTO DE ACCESO ADICIONAL DE MATERIA--TÉRMINO DE MATERIA
Término de materia o nombre geográfico como elemento de entrada Industria del libro
Subdivisión geográfica República Dominicana
9 (RLIN) 53136
700 1# - PUNTO DE ACCESO ADICIONAL--NOMBRE DE PERSONA
Nombre de persona Deive, Carlos Esteban,
Fechas asociadas al nombre 1935-2019
9 (RLIN) 1916
910 ## - DATOS DE OPCIÓN DEL USUARIO (OCLC)
Datos de opción del usuario Validado. Control de calidad. EMS
942 ## - ELEMENTOS DE PUNTO DE ACCESO ADICIONAL (KOHA)
Fuente del sistema de clasificación o colocación Dewey Decimal Classification
Tipo de ítem Koha Libro
Holdings
Estado de retiro Estado de pérdida No para préstamo Código de colección Localización permanente Ubicación/localización actual Ubicación en estantería Fecha de adquisición Número de inventario Total de préstamos Signatura topográfica completa Código de barras Fecha visto por última vez Número de copia Precio válido a partir de Tipo de ítem Koha
    Excluido de préstamo Patrimonio Dominicano Patrimonio Dominicano Patrimonio Dominicano Depósito 03.03.2011 LF1   021.7 F356s, 2003 26155-10 25.06.2020 e. 2 25.06.2020 Libro y Folleto Colección Patrimonio Dominicano
    Excluido de préstamo Patrimonio Dominicano Patrimonio Dominicano Patrimonio Dominicano Depósito 03.03.2011 LF1   021.7 F356s, 2003 26155-20 25.06.2020   25.06.2020 Libro y Folleto Colección Patrimonio Dominicano

Powered by Koha